| 000 | 00483nam a2200145Ia 4500 | ||
|---|---|---|---|
| 008 | 151213s9999 xx 000 0 und d | ||
| 100 | _aEmile Legouis & Louis Cazamian | ||
| 245 |
_aHistory of English Literature :: The Middle Age & The Renascence : Modern Time _cEmile Legouis & Louis Cazamian |
||
| 260 |
_aNew Delhi _bMc Millen India _c1981 |
||
| 300 | _a3551 p. | ||
| 650 | _aEnglish Literature | ||
| 650 | _aLiterature | ||
| 700 | _aEmile Legouis & Louis Cazamian | ||
| 999 |
_c2355 _d2355 |
||